<?xml version="1.0" encoding="UTF-8"?>
<record
    xmlns:xsi="http://www.w3.org/2001/XMLSchema-instance"
    xsi:schemaLocation="http://www.loc.gov/MARC21/slim http://www.loc.gov/standards/marcxml/schema/MARC21slim.xsd"
    xmlns="http://www.loc.gov/MARC21/slim">

  <leader>00541nam a22001457a 4500</leader>
  <datafield tag="999" ind1=" " ind2=" ">
    <subfield code="c">130843</subfield>
    <subfield code="d">130843</subfield>
  </datafield>
  <controlfield tag="005">20230525095322.0</controlfield>
  <controlfield tag="008">230525b           ||||| |||| 00| 0 eng d</controlfield>
  <datafield tag="040" ind1=" " ind2=" ">
    <subfield code="c">PK-LaUMT</subfield>
  </datafield>
  <datafield tag="082" ind1=" " ind2=" ">
    <subfield code="a">348.5491</subfield>
    <subfield code="b">RAT-A</subfield>
  </datafield>
  <datafield tag="100" ind1=" " ind2=" ">
    <subfield code="a">Ratnam, T W. Raja = &#x631;&#x62A;&#x646;&#x645;&#x60C; &#x679;&#x6CC; &#x688;&#x628;&#x644;&#x6CC;&#x648; &#x631;&#x627;&#x62C;&#x6C1;</subfield>
  </datafield>
  <datafield tag="245" ind1=" " ind2=" ">
    <subfield code="a">Adliya ka bohran =  &#x639;&#x62F;&#x644;&#x6CC;&#x6C1; &#x6A9;&#x627; &#x628;&#x62D;&#x631;&#x627;&#x646; /</subfield>
    <subfield code="c">by T. W. Raja Ratnam = &#x627;&#x632; &#x679;&#x6CC; &#x688;&#x628;&#x644;&#x6CC;&#x648; &#x631;&#x627;&#x62C;&#x6C1; &#x631;&#x62A;&#x646;&#x645;; translated by Sattar Tahir = &#x645;&#x62A;&#x631;&#x62C;&#x645;  : &#x633;&#x62A;&#x627;&#x631; &#x637;&#x627;&#x6C1;&#x631;</subfield>
  </datafield>
  <datafield tag="260" ind1=" " ind2=" ">
    <subfield code="a">Lahore :</subfield>
    <subfield code="b">Classic,</subfield>
    <subfield code="c">1989</subfield>
  </datafield>
  <datafield tag="300" ind1=" " ind2=" ">
    <subfield code="a">167 p.</subfield>
  </datafield>
  <datafield tag="942" ind1=" " ind2=" ">
    <subfield code="c">BK</subfield>
  </datafield>
  <datafield tag="952" ind1=" " ind2=" ">
    <subfield code="0">0</subfield>
    <subfield code="1">0</subfield>
    <subfield code="4">0</subfield>
    <subfield code="7">0</subfield>
    <subfield code="a">01</subfield>
    <subfield code="b">01</subfield>
    <subfield code="d">2023-05-25</subfield>
    <subfield code="l">0</subfield>
    <subfield code="o">348.5491 RAT-A</subfield>
    <subfield code="p">144863</subfield>
    <subfield code="r">2023-05-25 00:00:00</subfield>
    <subfield code="w">2023-05-25</subfield>
    <subfield code="y">BK</subfield>
  </datafield>
</record>
